[Event "IND-chT (Women)"]
[Site "Pollachi"]
[Date "2023.02.11"]
[Round "2.2"]
[White "Arpita, Mukherjee"]
[Black "Adyasha, Pattnaik"]
[Result "1-0"]
[WhiteElo "2185"]
[BlackElo "1453"]
[PlyCount "67"]
[EventDate "2023.02.10"]
[EventType "team-swiss"]
[EventRounds "7"]
[EventCountry "IND"]
[SourceTitle "CBM 212 Extra"]
[Source "ChessBase"]
[SourceDate "2023.03.31"]
[SourceVersion "1"]
[SourceVersionDate "2023.03.31"]
[SourceQuality "1"]
[WhiteTeam "AAI (W)"]
[BlackTeam "Odisha (W)"]
[WhiteTeamCountry "IND"]
[BlackTeamCountry "IND"]

1. d4 d5 2. Bf4 e6 3. e3 Bd6 4. Bg3 Nf6 5. Nd2 c6 6. Ngf3 Bxg3 7. hxg3 Nbd7 8. Ne5 c5 9. c3 c4 10. Qc2 Qc7 11. f4 Nf8 12. Be2 Bd7 13. g4 Bc6 14. g5 N6d7 15. Ndf3 Nxe5 16. Nxe5 0-0-0 17. Bh5 Be8 18. 0-0-0 f6 19. gxf6 gxf6 20. Ng4 Bxh5 21. Rxh5 Qg7 22. Nh6 Rd7 23. g4 Ng6 24. f5 exf5 25. Nxf5 Qf8 26. Rdh1 a6 27. R1h3 Qg8 28. Qh2 Nf8 29. Nd6+ Kd8 30. e4 Qxg4 31. Rxd5 Ng6 32. Nf7+ Ke7 33. Rxd7+ Kxd7 34. Nxh8 1-0